Statistics for Locate All Countries That Start With A

Click here to take the quiz!

General Stats

  • This quiz has been taken 29 times
  • The average score is 9 of 11

Answers on the Map

Answers color-coded by a green-red scale on the quiz's map according to % correct below.
 

Answer Stats

Answer% Correct
Australia
96%
Argentina
92%
Algeria
88%
Austria
88%
Albania
85%
Angola
85%
Afghanistan
81%
Azerbaijan
65%
Antigua and Barbuda
62%
Armenia
58%
Andorra
54%

Score Distribution

Percentile by Number Answered

Percent of People with Each Score

Your Score History

You have not taken this quiz